000 01015cam a2200301 i 4500
001 15462
003 Mx-PuUPA
005 20220330140557.0
008 140415s1982 xxua gr 000 0 eng d
020 _a0894870491
040 _aMx-PuUPA
_bspa
_cMx-PuUPA
_dMx-PuUPA
_erda
041 0 _aeng
110 2 _912178
_aScott Publishing Co.
245 0 0 _aScott specialized catalogue of United States :
_bstamps, 1983 /
_cScott ; Bert Taub, [editor]
250 _aSixty-first edition
264 1 _aNew York :
_bScott Publishing Co.,
_c©1982
300 _a822 páginas :
_bilustraciones ;
_c24 cm.
336 _2rdacontent
_atexto
_btxt
337 _2rdamedia
_asin medio
_bn
338 _2rdacarrier
_avolumen
_bnc
650 7 _aSellos postales
_zEstados Unidos
_vCatálogos
_2armarc
650 7 _aFilatelia
_2armarc
651 4 _aNaciones Unidas
_xSellos postales
_vCatálogos
700 1 _aTaub, Bert,
_eeditor
942 _2ddc
_cLI
_h769.56
_iS425
999 _c15462
_d15462